[Event "RUS-Cup4"]
[Site "Perm"]
[Date "1997.??.??"]
[Round "8"]
[White "Lastin, Alexander"]
[Black "Kotsur, Pavel"]
[Result "1-0"]
[WhiteElo "2535"]
[BlackElo "2480"]
[Annotator "Gershon,A"]
[PlyCount "53"]
[EventDate "1997.02.02"]
[EventType "swiss"]
[EventRounds "9"]
[EventCountry "RUS"]
[SourceTitle "CBM 058"]
[Source "ChessBase"]
[SourceDate "1997.06.01"]
[SourceVersion "1"]
[SourceVersionDate "1997.06.01"]
[SourceQuality "1"]

1. e4 {Tyomkin,D} c5 2. Nc3 d6 3. Nge2 Nf6 4. d4 cxd4 5. Nxd4 a6 6. Be3 Ng4 7.
Bc1 (7. Bg5 h6 8. Bh4 g5 9. Bg3 Bg7 10. Be2 (10. Qd2 Nc6 11. Nb3 f5 12. exf5
Bxf5 13. Bd3 Qd7 14. O-O O-O 15. Rad1 Rad8 16. Qe2 Nge5 17. Bxf5 Qxf5 18. Nd5
e6 19. Ne3 Qf7 20. c3 d5 21. h4 Rde8 22. hxg5 hxg5 23. Nd4 Qg6 24. Rfe1 Nxd4
25. Rxd4 $11 {1-0 Leko,P-Svidler,P/Tilburg /1996 (38)}) 10... h5 11. Bxg4 (11.
h4 gxh4 12. Rxh4 $5 Nc6 13. Nb3 Be6 14. Qd2 Qb6 15. Nd5 Bxd5 16. exd5 Nce5 17.
O-O-O Bh6 18. f4 Qe3 19. Qxe3 Nxe3 20. fxe5 Nf5+ 21. Kb1 Nxg3 22. exd6 $5 Bg5
23. Rb4 Nxe2 24. dxe7 b5 25. d6 Rh6 26. Nc5 Ng3 27. Nxa6 Kd7 28. Rxb5 (28. Nc7
$6 Rxd6 29. Rxd6+ Kxc7 30. Rd3 $16 {Movsesian,S-Ftacnik,L/Extra League 1996/
1-0 (49)}) 28... Bxe7 29. Rb7+ $18) 11... Bxg4 12. f3 Bd7 13. Bf2 Nc6 (13... e6
14. Nb3 Be5 15. Bd4 Nc6 16. Bxe5 dxe5 17. Qd2 Qf6 18. Nc5 O-O-O 19. N3a4 Be8
20. Nd3 g4 21. O-O Kb8 22. Nb6 gxf3 23. Rxf3 Qg6 24. Qe3 h4 25. Re1 Rg8 26. Rf2
f6 27. Nc5 Qf7 $13 {Almasi,Z-Van Wely,L/Tilburg/1996/0-1 (60)}) 14. Qd2 Ne5 (
14... Qa5 15. Nb3 Bxc3 16. bxc3 Qb5 17. a4 Qc4 18. Qe3 Ne5 19. Nd2 Qc7 20. O-O
f6 21. Rfb1 Rc8 22. c4 Nxc4 23. Nxc4 Qxc4 24. Rxb7 Bc6 25. Ra7 Bxa4 26. h4 gxh4
27. Bxh4 Bb5 $17 {1/2-1/2 Apicella,M-Villavicencio,A/Linares op 1997 (37)}) 15.
O-O g4 (15... e6 16. b3 Ng6 17. Rad1 g4 18. f4 h4 19. Nde2 h3 20. g3 Rc8 21. e5
d5 22. Nd4 O-O 23. Qd3 f5 $1 24. Nce2 Rf7 25. Rc1 Bf8 26. c3 Ne7 27. Rfd1 Nc6
28. c4 dxc4 29. Rxc4 Qe8 30. Qd2 b5 31. Rcc1 Nb4 32. Nc3 Rc7 $1 33. a3 Qa8 $1
$17 {[%csl Gg2][%cal Ga8h1] Anand,V-Kasparov,G/Geneva CS 1996/0-1 (55)}) 16. f4
Nc4 17. Qe2 Rc8 18. b3 Na3 19. Nd5 e6 20. Nb4 Qa5 21. Qe1 h4 22. Be3 h3 $1 23.
g3 Nb5 24. Rd1 Nc3 25. Nd3 Qc7 26. Rc1 Nxe4 27. f5 e5 28. f6 Nxf6 29. Nf5 Bxf5
30. Rxf5 Qc6 $1 31. Qe2 Qe4 $17 {Anand,V-Kasparov,G/Geneva CS 1996/1-0 (54)})
7... Nf6 8. f3 (8. Be3 Ng4 9. Bg5 h6 10. Bh4 g5 11. Bg3 Bg7 12. Be2 h5 13. h4 (
13. Bxg4 Bxg4 14. f3 Bd7 15. Bf2 Nc6 16. Nd5 Rb8 17. O-O e6 18. Nxc6 bxc6 19.
Ne3 d5 20. Rb1 Rxb2 21. Rxb2 Bxb2 22. c4 d4 23. Nc2 e5 24. Nb4 Bc3 25. Nd3 Qa5
$17 {0-1 Korneev,O-Wojkiewicz,A/Linares op 1997 (29)}) 13... Nc6 14. Nb3 gxh4
15. Rxh4 Be6 16. Qd2 Rc8 17. f3 Nge5 18. Bf2 Na5 19. Nxa5 Qxa5 20. Bd4 Rg8 21.
a3 Bc4 22. Rxh5 Bxe2 23. Kxe2 b5 24. Rg5 Nc4 25. Qf4 f6 26. Qg4 $18 {1-0
Tiviakov,S-Rashkovsky,N/ch-RUS, Elista 1996 (32)}) 8... e5 (8... e6 {Tyomkin,D}
) 9. Nb3 Be6 10. Be3 Nbd7 11. Qd2 Rc8 12. g4 b5 (12... Nb6 {Tyomkin,D and 12...
h6 were tried in this position many times}) 13. a4 $1 {Before castling
longside white closes the queen side and secures his king's position.} (13. g5
$6 Nh5 {[%cal Gg7g6] It would be very difficult for white to break through.} (
13... Nh5 {Tyomkin,D} 14. a4 b4 15. Nd5 Bxd5 16. exd5 $16 {[%cal Gf1a6]}))
13... b4 14. Nd5 Bxd5 (14... h5 $5 {Tyomkin,D} 15. Bxa6 (15. g5 Nxd5 16. exd5
Bf5 {[%cal Gc8c2]}) 15... hxg4 16. Bxc8 Qxc8 17. a5 $1 {[%cal Ga5a8] o^a
desides.} (17. Nxf6+ Nxf6 18. a5 gxf3 19. a6 Qa8 20. Qxb4 $18 {[%cal Gb4b7]})
17... gxf3 (17... g3 18. a6 $16) 18. a6 Nxe4 (18... Nxd5 19. exd5 Bxd5 20. Qxd5
Qxc2 21. Qa8+ Ke7 22. Qxf3 $18) (18... Bxd5 19. exd5 Qa8 $13 {[%csl Rd5]} 20.
Qxb4 Nxd5 21. Qb7) 19. a7 Nxd2 20. a8=Q $18) 15. exd5 Nb8 (15... a5 16. g5 Nh5
17. Bb5 $16) 16. O-O-O Qc7 17. Kb1 (17. g5 $2 {Tyomkin,D} Nxd5) 17... Be7 18.
g5 Nfd7 (18... Nh5 19. Bh3 Nd7 (19... Rd8 {Tyomkin,D} 20. Bg4 $16) 20. Bg4 $16)
19. a5 $1 {[%csl Ga6,Gb4] Black's pieces now are almost stalemated.} O-O {
Just about the only possible move on the board!} 20. h4 Rfd8 $2 {Black is too
optimistic!He must've tried to block white's attack.} (20... f5 $142 21. gxf6
Bxf6 22. Bh3 Kh8 23. Rdg1 Qb7 24. Bf5 $36) (20... Rfe8 $5 {Tyomkin,D it was
best defencive chance.As you see in the next variation rook "e8" will come to
the defence via "e7"} 21. Bh3 Qb7 22. h5 Rc4 23. g6 Nf8 24. gxf7+ Kxf7 25. Bf5
Kg8 26. Rdg1 Bf6 $16 {[%cal Ge8e7]}) 21. Bh3 Qb7 22. h5 {Now black pieces fail
to rescue their king.} Rc4 23. g6 Nf8 24. gxf7+ $6 ({Quicklier was:} 24. Qd3
Qb5 25. gxf7+ Kxf7 26. Bf1 $1 $18) 24... Kxf7 25. Bf5 Kg8 $2 (25... Nbd7 $142
26. Rdg1 Bf6 27. Rg4 $16) 26. Rdg1 Nbd7 27. Bh6 (27. Bh6 Bf6 28. Bxg7 Bxg7 29.
h6 $18) 1-0

[Event "Maccabiah GM 16th"]
[Site "Tel Aviv"]
[Date "2001.07.18"]
[Round "5"]
[White "Golod, Vitali"]
[Black "Kaspi, Alexander"]
[Result "1-0"]
[WhiteElo "2514"]
[BlackElo "2446"]
[Annotator "Golod,V"]
[PlyCount "113"]
[EventDate "2001.07.15"]
[EventType "tourn"]
[EventRounds "9"]
[EventCountry "ISR"]
[EventCategory "8"]
[SourceTitle "CBM 083 Extra"]
[Source "ChessBase"]
[SourceDate "2001.09.11"]
[SourceVersion "1"]
[SourceVersionDate "2001.09.11"]
[SourceQuality "1"]

1. e4 c5 2. Nf3 d6 3. d4 cxd4 4. Nxd4 Nf6 5. Nc3 a6 6. Be3 e5 7. Nb3 Be6 8. Qd2
Nbd7 9. f3 h5 $5 ({Against Igor Bitansky in this tournament my contender
played:} 9... h6) 10. O-O-O {I has spent many time on this move,probably,it
was a little better:} (10. a4 $5 {See comments to Polgar,J-Sadvakasov,D/
Hoogeveen,1999/CBM 74(1-0) (Ftacnik,L)(54)}) 10... Qc7 {[%mdl 4] Besides,black
has two principales moves:} (10... Rc8 $5 {See comments to Klovans,
J-Nikolaidis,I/Istanbul,2000(0-1)(Ftacnik,L)(44)}) ({and} 10... b5 $5 {See
comments to Xie Jun-Zhang Zhong/Shanghai,2000/CBM 75(0-1)   (Ftacnik,L)(30)})
11. Kb1 ({A little prematurely:} 11. Nd5 Bxd5 12. exd5 Nb6 13. Qa5 Rc8 14. c3
Nc4 15. Bxc4 Qxc4 16. Rhe1 Be7 17. Bg5 O-O 18. Bxf6 Qf4+ 19. Nd2 Qxf6 20. Qb6
Rb8 21. Qe3 Qg6 $15 {Shirov,A-Ljubojevic,L/Belgrade,1997(1/2-1/2) (34)}) 11...
Be7 12. g3 $5 {My idea:1) translation of the bishop on a /^c8-h3,after Nd5;2)
preparation of progress:"g4". By this move I have frightened the contender and
he here has accepted the rather doubtful decision.} ({It deserves attention:} 
12. Nd5 Bxd5 13. exd5 Nb6 14. Bxb6 Qxb6 15. g3 O-O 16. h4 $13 {Blehm,P-Jaracz,
P/Plock,2000(1/2-1/2)(33)}) 12... O-O-O $6 $146 (12... b5 $5 {/\Nb6-c4}) (12...
Rc8 $6 13. Nd5 Nxd5 14. exd5 Bf5 15. Bd3 Bxd3 16. Qxd3 Bd8 (16... Qc4 17. Qxc4
Rxc4 18. Na5 Rc7 19. c4 O-O 20. b4 $14 {McShane,L-Hunt,H/Hove,1997(1/2-1/2)(64)
}) 17. Nd2 O-O 18. g4 hxg4 19. fxg4 Nf6 20. Rhg1 Re8 21. g5 $14 {Mnatsakanian,
E-Gurgenidze,B/Tbilisi,1983 (1-0)(41)}) ({More logically:} 12... O-O $1 13. h3
b5 14. g4 Nb6 $132 {Brendel,O-Bischoff,K/Germany,1998(0-1)(39)}) 13. Nd5 $14
Nxd5 (13... Bxd5 $143 14. exd5 $40 {[%csl Rc8,Gf1][%cal Gb3a5]}) 14. exd5 Bf5
15. Bd3 $1 Bh3 $6 (15... Bxd3 $142 16. cxd3 {[%cal Gd1c1]} Kb8 17. Rc1 Nc5 18.
d4 (18. Qf2 $5 {[%csl Rc5]}) 18... exd4 (18... Nxb3 $5 19. axb3 Qd7) 19. Nxd4
$14) 16. Na5 $40 {[%csl Rc8][%mdl 128]} Nc5 17. Rc1 {The important move. Now
black can not bring down my bishop "d3".} Kb8 18. b4 Na4 ({Badly:} 18... Nxd3 {
in view of:} 19. cxd3 $1 {<->c} Qd7 20. Bf2 {[%csl Rb8][%cal Gd2e3]} Qb5 21.
Qe3 $1 Qxb4+ 22. Nb3 b6 23. Rc6 $18 {[%csl Rb6]}) 19. c4 Rc8 20. Bc2 Bd7 21.
Bb3 $1 {My pieces are located better and consequently it is not necessary to
hasten with the beginning of active actions:} (21. Bxa4 $6 Bxa4 22. b5 Qd7 $13
{[%csl Rb5][%cal Gd7f5]} (22... axb5 $2 23. cxb5 Qd7 24. Nc6+ $1 bxc6 25. bxc6
Bxc6 26. dxc6 Rxc6 27. Qb2+ $1 Ka8 (27... Kc8 28. Rxc6+ Qxc6 29. Rc1) 28. Qa3+
Kb8 29. Rxc6 Qxc6 30. Qa7+ Kc8 31. Rc1 $18)) 21... Bf6 $6 ({After:} 21... b6
22. Nc6+ (22. b5 $5 $14) 22... Bxc6 23. dxc6 Qxc6 24. Rhd1 $36 {[%csl Ra4] I
have very strong compensation behind pawn.}) 22. Rhd1 {[%csl Ra4][%cal Gd2c2]}
g6 {[%csl Gd7,Yg6][%cal Yg6f5]} 23. Nc6+ $1 bxc6 24. Bxa4 {+/=/+/-} Bf5+ {
It's best decision.} 25. Bc2 Qd7 26. Be4 Bxe4+ $6 ({Can be recommended:} 26...
h4 $5 27. dxc6 Rxc6 28. g4 $1 Bxe4+ 29. fxe4 Qxg4 $140 30. Qd5 $40) 27. fxe4
Qg4 $6 (27... h4 $142 {<->h}) 28. Qd3 {[%csl Yd3]} Be7 29. dxc6 Rxc6 30. b5 $1
{[%csl Rb8][%mdl 128]} axb5 31. cxb5 Rxc1+ 32. Rxc1 Rc8 $8 ({Very weakly:} 
32... f5 $2 {[%csl Rb1,Rd3] because of:} 33. Rc4 $1 Rc8 $140 (33... fxe4 34.
Qd5 $18 {[%csl Rb8,Gc4,Gd5,Ge3][%cal Ge3a7]}) 34. Ba7+ (34. Ra4 $5 {[%csl Rb8]
[%cal Ga4a8]}) 34... Kxa7 35. Rxc8 $18) 33. Rxc8+ Qxc8 34. a4 {o^ It will be
very heavy to stop this pair(Pa4,Pb5).} Qc7 (34... f5 $143 35. a5 fxe4 36. Qb3
$16 {/\a6,Qd5 and a7.}) 35. Kb2 $5 {[%csl Ra4,Yb2][%cal Yb2b3,Yb3a4]} ({
Pretty dubiously:} 35. b6 Qc6 36. a5 f5 $132) 35... Qa5 36. Qc4 Bd8 37. Kb3 Qe1
$6 ({Most probably more stubborn resistance,after:} 37... Bb6 {+/=/+/-}) 38.
Qd3 $16 d5 (38... Be7 39. Kc4 Qa5 40. Qc2 $16) 39. exd5 Ba5 40. Bc5 {[%csl Yc5]
[%cal Yc5a3,Gc5f8]} e4 41. Qc2 e3 42. b6 $1 $18 {[%csl Rb8][%cal Gc5d6] Here I
already saw the forced transition in winning Q endgame.} (42. Bd6+ $6 Ka7 $140
$8 43. Qc5+ $2 (43. Bc5+ $5) 43... Bb6 44. Bb8+ Kxb8 45. Qxb6+ Kc8 46. Qc6+ Kd8
$132 {[%csl Ge3]} 47. d6 $140 $2 Qd1+ $1 (47... Qb1+ $2 48. Kc3 Qc1+ 49. Kd3
Qd2+ 50. Ke4 $18 {[%cal Gc6c7]}) 48. Kc3 Qd2+ $1 49. Kb3 (49. Kc4 $4 Qc2+ 50.
Kd5 Qxc6+ 51. bxc6 e2 $19) 49... Qd1+ $11) 42... Kb7 $8 43. d6 {[%cal Gc2e4,
Gd6d7]} Qh1 $8 (43... Bxb6 $2 44. Bxb6 Kxb6 45. d7 {[%cal Gd7d8]}) 44. Bxe3
Bxb6 ({Also loses:} 44... Qd5+ 45. Qc4 Qd1+ (45... Qxd6 46. Qe4+ Qc6 (46... Ka6
$4 47. Qa8#) (46... Kb8 $4 47. Bf4) (46... Kc8 47. Qe8+ Kb7 48. Qxf7+) 47. Qe7+
Kc8 48. Qf8+ {[%csl Rf7]}) 46. Kb2 Qxd6 (46... Bxb6 47. Bxb6 Kxb6 48. Qb5+ Ka7
49. d7 $18) 47. Qe4+ Qc6 48. Qe7+ Kc8 49. Qf8+ {[%csl Rf7]}) 45. Bxb6 Kxb6 46.
Qc7+ Ka6 47. Qc4+ Kb6 (47... Ka7 $144 48. Qc5+ Ka8 49. Qa5+ Kb7 50. Qb5+ Kc8
51. Qe8+ Kb7 52. Qxf7+ Kc6 $140 53. Qc7+ Kd5 54. Qb7+) 48. Qb5+ Ka7 49. d7 {
The rest is the matter of technics.} Qb1+ 50. Kc4 Qe4+ 51. Kc5 Qf5+ 52. Kc6
Qf6+ 53. Kc7 Qc3+ 54. Kd8 {[%cal Gd8e7,Gd8e8]} f5 (54... Qe3 55. a5 {[%cal
Gb5b6]}) 55. Ke7 Qg7+ 56. Ke6 Qg8+ 57. Kd6 {Black resigns in absolutely losing
position:} (57. Kd6 Qd8 (57... Qf8+ 58. Kc7 {[%csl Ra7][%cal Gd7d8,Gb5b7,Gb5a5]
}) 58. Qc5+ Kb8 59. Qc8+ Qxc8 60. dxc8=Q+ Kxc8 61. Ke6 {[%csl Rf5,Rg6,Rh5]})
1-0

[Event "Ischia"]
[Site "Ischia"]
[Date "1996.??.??"]
[Round "6"]
[White "Smirin, Ilia"]
[Black "Sadler, Matthew D"]
[Result "0-1"]
[WhiteElo "2615"]
[BlackElo "2600"]
[Annotator "Greenfeld,A"]
[PlyCount "74"]
[EventDate "1996.06.??"]
[EventType "tourn"]
[EventRounds "9"]
[EventCountry "ITA"]
[EventCategory "14"]
[SourceTitle "CBM 054"]
[Source "ChessBase"]
[SourceDate "1996.10.01"]
[SourceVersion "1"]
[SourceVersionDate "1996.10.01"]
[SourceQuality "1"]

1. e4 {Baburin Boensch} c5 2. Nf3 d6 3. d4 cxd4 4. Nxd4 Nf6 5. Nc3 a6 6. Be3 e5
{Baburin: In this position 6...e5 is as popular as 6...e6 and the choice
between them is a matter of taste.} 7. Nf3 Be7 8. Bc4 (8. a4 {Boensch} Ng4 $5
9. Bc1 Be6 10. Be2 Nc6 11. O-O Nf6 12. Bg5 O-O 13. Qd2 Qa5 14. Bxf6 {1/2-1/2
Fedorowicz,J-Wojtkiewicz,A/1st Murphy-ACF Int'l (2) 1994}) 8... O-O 9. O-O Be6
{Baburin: Black starts to fight for the control over the d5-spot. Another way
of doing that would be 9...b5, followed by ...Bb7.} (9... Nc6 {Boensch} 10. Re1
b5 11. Bf1 $2 (11. Bd5 Bb7 12. Qd2 $14) 11... Rb8 $1 12. Bg5 Ng4 $1 13. Bxe7
Nxe7 14. a3 Bb7 15. Qd2 Qc7 16. Rad1 Rfd8 17. h3 Nf6 18. Qe3 Bc6 19. Bd3 Re8
$15 {1/2 Short,N-Ehlvest,J Horgen CS (07) 1995 - CBM 50}) 10. Bb3 (10. Qd3 {
Boensch} Nc6 11. a3 Na5 12. Bxe6 fxe6 13. Na4 $1 Nd7 14. b4 Nc6 15. c4 Qe8 16.
Nd2 Kh8 17. Nb3 $14 {Shirov,A-Gavrikov,V Zurich (10) 1994 1/2 31}) (10. Bd5 {
Boensch} Nc6 11. Bxe6 $2 fxe6 12. Ng5 Qd7 13. Na4 Bd8 14. Re1 h6 15. Nf3 Nxe4
$17) (10. Qe2 {Boensch} Bxc4 $5 11. Qxc4 b5 12. Qd3 Nbd7 13. Rad1 b4 14. Nd5
Nxd5 15. Qxd5 Qc7 16. Rfe1 Nf6 17. Qd3 Rfc8 $15 {Zaitsev,I-Neverov,V Moscow
1989 0-1 40}) 10... b5 (10... Nc6 11. Bg5 {[%csl Gd5][%cal Gc3d5,Gb3d5,Gg5f6]}
Na5 12. Bxf6 Bxf6 13. Nd5 Nxb3 14. axb3 Bg5 15. Qd3 Bh6 16. Rad1 $14 {Ivanchuk,
V-Kasparov,G (01) New York PCA-Intel GP (04) 1995 0-1 35 - EXP 47}) (10... Qc7
{Boensch} 11. Bg5 Nbd7 12. Qe2 Rac8 13. Rfd1 b5 14. Rac1 Qa5 15. Bxf6 Nxf6 16.
Bxe6 fxe6 17. Ng5 b4 $17) (10... h6 $5 {Boensch} 11. Qe2 Qc7 12. Rfd1 Rc8 13.
Nh4 $14 {1-0 Kotronias,V-Marjanovic,S/Istambul 1988 (41)}) 11. Qe2 (11. Re1 h6
12. a3 Nbd7 13. Nh4 Nb6 14. Nf5 Nc4 15. Bxc4 bxc4 16. Qf3 Rb8 17. Rab1 Kh7 $10
{Smirin,I-De Firmian,N/New York PCA rapid/1995/}) (11. Qd3 {Boensch} b4 12. Nd5
Bxd5 13. Bxd5 Nxd5 14. Qxd5 Nd7 $10) 11... h6 12. Rfd1 (12. Ne1 Nbd7 13. Nd3
Qa5 14. a3 Rfc8 15. Qf3 (15. Nb4 Rxc3 16. bxc3 Nxe4) 15... Qd8 16. h3 Rab8 {
/\ a5,b4} 17. Nb4 Bxb3 18. cxb3 a5 19. Nbd5 b4 20. axb4 axb4 $15 {Xie,Ju-De
Firmian,N/San Fransisco/1995/}) 12... Nbd7 13. Nh4 {N} (13. a3 Qe8 (13... Rc8 {
/\ Rc3}) 14. Ne1 $1 Rc8 15. f3 Nc5 16. Ba2 Bxa2 17. Rxa2 Ne6 18. Nd3 $14 {
Short,N-Kasparov,G/Horgen/1995}) 13... b4 {Baburin: Moving the c3-knight away
from the d5-square is another important techhnique in the Sicilian Defence. In
the meantme Black wins a pawn.} 14. Na4 $6 (14. Nd5 Nxe4 15. Nxe7+ (15. Nf3 {
Boensch} Nec5 16. Nxb4 $10) 15... Qxe7 16. Bxe6 Qxe6 17. Qd3 $13 (17. Bxh6 $2
d5 $17)) 14... Nxe4 (14... Bxb3 $2 {Boensch} 15. axb3 Nxe4 16. Nf5 Nef6 17. Qf3
(17. Bxh6 gxh6 18. Qe3 $40) 17... Kh8 18. Qh3 Ne8 (18... Ng8 19. Nxd6 $18)) 15.
Bxe6 fxe6 16. Ng6 (16. Bxh6 Nxf2) (16. Qg4 Bxh4 17. Qxe4 d5 18. Qxb4 d4) 16...
Rf6 17. Qg4 $2 (17. Bb6 $1 Nxb6 18. Nxb6 $1 (18. Nxe7+ Qxe7 19. Nxb6 (19. Qxe4
d5) 19... Rb8 $17) (18. Qxe4 d5 19. Nxb6 dxe4 20. Rxd8+ Rxd8 21. Nxe7+ Kf8 22.
Nc6 Rd2 23. Rf1 e3 $1 24. fxe3 Rxf1+ 25. Kxf1 Rxc2 26. Nd7+ (26. Nxb4 $2 Rxb2)
26... Ke8 27. Ndxe5 Rxb2 28. Nd3 Rxa2 29. Ncxb4 Ra1+ 30. Ke2 a5 31. Nc2 Rg1 $17
) 18... Ra7 19. Nxe7+ Rxe7 20. Nc4 Nxf2 21. Rxd6 $13) 17... d5 $17 18. f3 Ng5 (
18... Nd6 19. Bxh6 $1) (18... Nec5 {Boensch} 19. Nxc5 Bxc5 20. Bxc5 Nxc5 21.
Nxe5 $14) 19. Bxg5 hxg5 20. Qxg5 $2 (20. Nxe7+ Qxe7 21. Qxg5 e4 $1 $17 (21...
Rc8 22. Qd2) 22. Rxd5 $6 exd5 23. Qxd5+ Kh7 24. Qxa8 exf3 25. gxf3 Qe2 (25...
Rg6+ 26. Kh1 Qg5 27. f4 Qxf4 $40) 26. Kh1 Rg6 27. f4 Nf6 $19) 20... Bd6 $19 {
פa4,Ng6} 21. c4 $5 (21. h4 Qe8 22. h5 Rf5 {/\ Nf6-+}) (21. b3 e4 {/\ Qe8-+}) (
21. f4 {Boensch} exf4 22. Rxd5 Nf8 $1 $19 (22... exd5 $2 23. Qxd5+ Kh7 24. Qh5+
$10)) (21. Qh5 {Boensch} Qe8 22. Qh8+ Kf7 23. Qxe8+ Rxe8 24. Nh4 g5 $19) 21...
Qe8 22. Nh4 e4 $1 {/\ Bf4,Ne5} 23. fxe4 (23. cxd5 {Boensch} Bf4 24. Qg4 Ne5 25.
Qh3 Qxa4 $19) 23... Bf4 24. Qg4 Ne5 (24... Be3+ 25. Kh1 Ne5) 25. Qe2 Qxa4 $2 (
25... d4 $1 26. Rxd4 (26. Nc5 Be3+ 27. Kh1 Rf2 28. Qe1 Qh5 $19) 26... Qxa4 $19)
26. g3 $1 (26. exd5 g5 27. g3 gxh4 28. gxf4 Ng6 29. dxe6 Qc6 $19) (26. cxd5 {
Boensch} g5 27. g3 (27. Nf3 Nxf3+ 28. gxf3 (28. Qxf3 Bxh2+ $19) 28... Rh6 $19)
27... Bxg3 (27... gxh4 $2 28. gxf4 Rxf4 29. Kh1 $13) 28. hxg3 gxh4 29. Qh5 Nf3+
30. Kh1 Qc2 $19) 26... Bg5 27. exd5 Bxh4 $1 28. Qxe5 Qc2 $1 29. Kh1 $2 (29.
dxe6 $2 Bxg3 $19) (29. Rac1 $2 Qf2+ 30. Kh1 Rh6 $1 31. Rf1 Qxh2+ $1 $19) (29.
Rf1 $1 $8 {<=>}) 29... Bxg3 $1 $19 30. Qxg3 (30. hxg3 {Boensch} Rh6+ 31. Kg1
Qh2+ 32. Kf1 Rf8+ $19) 30... Rg6 31. Qf3 Rf8 32. Rac1 Qxb2 33. Qh3 (33. Qe4 Rf2
34. Qh4 Rf1+) (33. Rb1 {Boensch} Qe5 34. Qd3 Rf2 $19) 33... Rh6 34. Qg3 Rf2 35.
h3 Rg6 36. Qb8+ Kh7 37. Rg1 e5 $1 0-1

[Event "Athens Acropolis op-A 24th"]
[Site "Chalkida"]
[Date "2009.08.15"]
[Round "6"]
[White "Aroshidze, Levan"]
[Black "Papaioannou, Ioannis"]
[Result "0-1"]
[WhiteElo "2537"]
[BlackElo "2624"]
[Annotator "Grivas,E"]
[PlyCount "60"]
[EventDate "2009.08.10"]
[EventType "swiss"]
[EventRounds "9"]
[EventCountry "GRE"]
[SourceTitle "CBM 131 Extra"]
[Source "ChessBase"]
[SourceDate "2009.09.03"]
[SourceVersion "2"]
[SourceVersionDate "2009.09.16"]
[SourceQuality "1"]

1. e4 c5 2. Nf3 d6 3. d4 cxd4 4. Nxd4 Nf6 5. Nc3 a6 6. f3 e5 7. Nb3 Be7 8. Be3
Be6 9. Qd2 O-O 10. O-O-O a5 ({The other option is} 10... Nbd7 11. g4 Nb6 12. g5
Nfd7 13. h4 Qc7 14. Kb1 Rfc8 15. h5 $14 {Lopez Martinez,J-Nepomniachtchi,I
Budva 2009.}) 11. Qe1 Qc7 ({Playable is} 11... Qc8 12. a4 Nc6 13. g4 Nb4 14. g5
Ne8 $13 {Inarkiev,E-Brkic,A Budva 2009.}) 12. Nb5 Qc6 13. Nxa5 Qc8 14. Kb1 ({
A novelty. White's alternatives are: a)} 14. Nxd6 Bxd6 15. Rxd6 Qc7 16. Rb6 Rc8
17. Bd3 Nbd7 18. Qb4 Nxb6 19. Bxb6 Qb8 20. Bb5 $44 {Gu Xiaobing-Motoc, A
Istanbul 2005.}) ({b)} 14. a3 Nbd7 15. Kb1 d5 16. exd5 Nxd5 17. Bd2 b6 $44 {
Brunello,R-Spaan,N Trieste 2006.}) ({c)} 14. Qb4 $6 Nc6 15. Nxc6 bxc6 16. Nc3
Qd7 17. a4 Rfb8 $17 {Andreev,E-Iskusnyh,S Saratov 2006.}) 14... d5 $1 15. exd5
(15. a3 $5 {should be taken into account:} dxe4 16. fxe4 Nxe4 17. Bd3 Nf6 18.
Nb3 $13 {.}) 15... Nxd5 16. Bd2 Nc6 17. a3 {Black's compensation for the
sacrificed pawn is satisfactory but of course the position is rather
complicated.} Nd4 $6 ({Better seems to be} 17... Nxa5 18. Bxa5 b6 19. Bc3 f6
$44 {.}) 18. Bd3 $6 ({White did not take advantage of Black's 'unfortunate'
last move:} 18. Nxd4 exd4 19. Nb3 Bf6 20. Bd3 Bf5 21. Bxf5 Qxf5 22. Qe4 {
and White stands better.}) 18... Nxb5 19. Bxb5 Bf5 20. Bd3 $6 ({I think that
White should try} 20. Nc4 Qc5 21. a4 f6 $44 {.}) 20... Bxd3 21. cxd3 Qd7 $1 22.
Nc4 (22. Qxe5 Bf6 23. Qe4 Rfe8 24. Qc4 Rac8 25. Qb3 b6 26. Nc4 b5 27. Na5 Re2
$44 {.}) 22... b5 $5 (22... Qb5 23. Ka2 f6 $44 {.}) 23. Nxe5 Qb7 24. Qe4 $6 ({
White's position was not pleasant, but} 24. Rc1 b4 25. axb4 Bxb4 26. Bxb4 Nxb4
27. Rc4 Rfb8 $44 {was obligatory.}) 24... f5 $1 {Now Black's attack is
unstoppable.} 25. Qe2 b4 $1 26. axb4 Bxb4 27. Nc4 ({Or} 27. Bxb4 Qxb4 28. Rc1
Qb3 29. Rc4 Rfb8 $19 {.}) 27... Rfe8 $1 28. Qf2 Bxd2 29. Qxd2 Re2 $1 30. Qc1 (
30. Qxe2 Nc3+ {.}) 30... Qb3 {And White resigned as he will be mated in a
maximum of 10 moves!} 0-1